000 00614nam a2200169 a 4500
001 000026844
005 20200930030438.0
008 110325s1985 dr c 000 0 spa d
040 _aDO-SdBNP
_bspa
_cBNPHU
082 _axxx
_bSi577l
111 2 _aSimposio latinoamericano de la pequeña y mediana empresa
_n(8 :
_d1985 jul. 15-18 :
_cSanto Domingo)
_953964
245 1 0 _aVIII simposio latinoamericano de la pequeña y mediana empresa.
260 _aSanto Domingo :
_bSecretaría de Estado de Finanzas,
_c1985.
300 _a360 p. :
_bretrs. ;
_c28 cm.
500 _aIncluye notas al pie de páginas
049 _aBNPD
999 _c26336
_d26336